UBT Library

Textbook of Medical-Surgical Nursing (Record no. 2517)

000 -LEADER
fixed length control field 00319nam a22001097a 4500
008 - FIXED-LENGTH DATA ELEMENTS--GENERAL INFORMATION
fixed length control field 161229b xxu||||| |||| 00| 0 eng d
020 ## - INTERNATIONAL STANDARD BOOK NUMBER
International Standard Book Number 2900781785890
041 ## - LANGUAGE CODE
Language code of text/sound track or separate title eng
080 ## - UNIVERSAL DECIMAL CLASSIFICATION NUMBER
Edition identifier 12th ed.
Universal Decimal Classification number 618.2
245 ## - TITLE STATEMENT
Title Textbook of Medical-Surgical Nursing
Statement of responsibility, etc Smeltzer, S & Bare, B.G & Hinkle, J.L & Cheever, K.H
942 ## - ADDED ENTRY ELEMENTS (KOHA)
Source of classification or shelving scheme
Item type Books
Holdings
Withdrawn status Lost status Source of classification or shelving scheme Damaged status Not for loan Collection code Permanent location Current location Shelving location Date acquired Total Checkouts Full call number Barcode Date last seen Price effective from Koha item type
          Koleksioni i përgjithshem UBT - Lipjan UBT - Lipjan Koleksioni i përgjithshem 12/29/2016   618.2 SME 002-027705 12/29/2016 12/29/2016 Books
UBT Library © 2015-2024. All rights reserved University Education for Business and Technology